| 000 | 01095nam a2200301 i 4500 | ||
|---|---|---|---|
| 001 | 000030575 | ||
| 003 | DO-SdBNP | ||
| 005 | 20260331104859.0 | ||
| 007 | ta | ||
| 008 | 110524s1965 mx 000 0 spa d | ||
| 040 |
_aDO-SdBNP _bspa _cBNPHU _erda |
||
| 041 | _aspa | ||
| 082 |
_axxx _bC335t _222 |
||
| 100 | 1 |
_aCasas, Bartolome de las _d1474-1566 _eautor _921128 |
|
| 245 | 1 | 0 |
_aTratados de Fray Bartolomé de las Casas. / _cprólogos Lewis Hanke, Manuel Giménez Fernández; transcripción Juan Pérez de Tudela Bueso; traducciones Agustín Millares Carlo, Rafael Moreno. |
| 264 |
_aMéxico, : _bFondo de cultura económica, _c1965. |
||
| 300 |
_avolumen ; _c21 cm. |
||
| 336 |
_ardacontent _btexto _2txt |
||
| 337 |
_ardamedia _bsin mediación _2n |
||
| 338 |
_ardacarrier _bvolumen _2nc |
||
| 490 | 1 |
_aBiblioteca Americana _aCronistas de Indias |
|
| 590 | _aInventariado,2026/DG | ||
| 700 |
_aHanke, Lewis _ePrólogo _960991 |
||
| 700 |
_aGiménez Fernández, Manuel _ePrólogo _989277 |
||
| 830 | 0 |
_aBiblioteca Americana _pCronistas de Indias _957182 |
|
| 910 | _aDG | ||
| 942 |
_2ddc _cLBS1 |
||
| 999 |
_c30067 _d30067 |
||